000 01081cam a2200457 4500
001 J92138
008 090401t1998 xxu||||| |||| 00| 0 eng d
035 _a(Sirsi) u86643
041 _aeng
050 _a333.337016
110 _aJones Lang Wootton
_92909
245 _aEuropean office index. - First quarter 1998 - Fourth quarter 1998
260 _aLondon
_bJones Lang Wootton
_c1998
300 _a4 pt. ; 30cm.
350 _a0
650 _aAMSTERDAM
650 _aBARCELONA
650 _aBERLIN
650 _aBRUSSELS
650 _aCAPITAL VALUES
650 _aDUBLIN
650 _aDUSSELDORF
650 _aEUROPE
650 _aEUROPEAN OFFICE INDEX
650 _aFRANKFURT
650 _aHAMBURG
650 _aLONDON
650 _aLUXEMBOURG
650 _aLYON
650 _aMADRID
650 _aMILAN
650 _aMUNICH
650 _aOFFICES
650 _aPARIS
650 _aPROPERTY INDICES
650 _aRENTAL VALUES
650 _aSTOCKHOLM
690 _aPROPERTY-COMMERCIAL PROPERTY
942 _n0
948 _c08/06/1998
999 _c97147
_d97147